Normal view
MARC view
Entry Topical Term
001 - CONTROL NUMBER
- control field: 1069225
003 - CONTROL NUMBER IDENTIFIER
- control field:
005 - DATE AND TIME OF LATEST TRANSACTION
- control field: 20210627164545.0
008 - FIXED-LENGTH DATA ELEMENTS
- fixed length control field: 210627|| aca||aabn | a|a d
040 ## - CATALOGING SOURCE
- Original cataloging agency:
- Transcribing agency:
150 ## - HEADING--TOPICAL TERM
- Topical term or geographic name entry element: Farm tenancy
- General subdivision: Economic aspects
- Geographic subdivision: India
- Geographic subdivision: Orissa
670 ## - SOURCE DATA FOUND
- Source citation: Work cat.: ()1045811: Mohapatra, K. M (Khetra Mohan) 1069224, Exploitative tenancy and technological backwardness in Indian agriculture :, 1996
